Environmental Education and Disaster Management (Record no. 8155)
[ view plain ]
| 000 -LEADER | |
|---|---|
| fixed length control field | 00333nam a2200121Ia 4500 |
| 008 - FIXED-LENGTH DATA ELEMENTS--GENERAL INFORMATION | |
| fixed length control field | 191201s2009 xx 000 0 und d |
| 100 ## - MAIN ENTRY--PERSONAL NAME | |
| Personal name | SHARMA, Varun Dutt |
| 245 #0 - TITLE STATEMENT | |
| Title | Environmental Education and Disaster Management |
| 250 ## - EDITION STATEMENT | |
| Edition statement | 1st |
| 260 ## - PUBLICATION, DISTRIBUTION, ETC. (IMPRINT) | |
| Date of publication, distribution, etc | 2009 |
| Name of publisher, distributor, etc | CBS Publishers and Distributor |
| Place of publication, distribution, etc | NEW DELHI |
| 300 ## - PHYSICAL DESCRIPTION | |
| Extent | 170 |
| 942 ## - ADDED ENTRY ELEMENTS (KOHA) | |
| Source of classification or shelving scheme | Dewey Decimal Classification |
| Koha item type | Text Books |
| Withdrawn status | Lost status | Source of classification or shelving scheme | Damaged status | Not for loan | Collection code | Home library | Current library | Date acquired | Source of acquisition | Cost, normal purchase price | Bill Number | Total Checkouts | Full call number | Acc. no. / Barcode | Date last seen | Actual Cost, discounted price | Bill Date | Koha item type | Date last borrowed | Checked out |
|---|---|---|---|---|---|---|---|---|---|---|---|---|---|---|---|---|---|---|---|---|
| Dewey Decimal Classification | Diploma in Mechanical | PIET C-LIBRARY | PIET C-LIBRARY | 23/03/2017 | KIRTI PRAKASHAN, NEW DELHI | 90.00 | IN 5616 | 620.1 SHE | DE1275 | 04/12/2019 | 59.00 | 23/03/2017 | Text Books | |||||||
| Dewey Decimal Classification | Diploma in Mechanical | PIET C-LIBRARY | PIET C-LIBRARY | 23/03/2017 | KIRTI PRAKASHAN, NEW DELHI | 90.00 | IN 5616 | 1 | 620.1 SHE | DE1276 | 28/10/2023 | 59.00 | 23/03/2017 | Text Books | 18/10/2023 | |||||
| Dewey Decimal Classification | Diploma in Mechanical | PIET C-LIBRARY | PIET C-LIBRARY | 23/03/2017 | KIRTI PRAKASHAN, NEW DELHI | 90.00 | IN 5616 | 1 | 620.1 SHE | DE1277 | 17/01/2023 | 59.00 | 23/03/2017 | Text Books | 06/01/2023 | |||||
| Dewey Decimal Classification | Diploma in Mechanical | PIET C-LIBRARY | PIET C-LIBRARY | 23/03/2017 | KIRTI PRAKASHAN, NEW DELHI | 90.00 | IN 5616 | 1 | 620.1 SHE | DE1278 | 26/12/2022 | 59.00 | 23/03/2017 | Text Books | 26/12/2022 | 09/01/2023 | ||||
| Dewey Decimal Classification | Diploma in Mechanical | PIET C-LIBRARY | PIET C-LIBRARY | 23/03/2017 | KIRTI PRAKASHAN, NEW DELHI | 90.00 | IN 5616 | 620.1 SHE | DE1279 | 04/12/2019 | 59.00 | 23/03/2017 | Text Books |